[Event "Juniorklub 2017"]
[Site "?"]
[Date "2017.11.18"]
[Round "5.7"]
[White "Majzlan, Blazej"]
[Black "Haban, Peter"]
[Result "0-1"]
[BlackElo "1814"]
[WhiteElo "1757"]
[LiveChessVersion "1.4.8"]

1. f4 {[%clk 0:58:12]} e5 {[%clk 1:00:37]} 2. e4 {[%clk 0:58:39]} exf4
{[%clk 1:00:53]} 3. Nf3 {[%clk 0:59:04]} Ne7 {[%clk 1:00:58]} 4. d4
{[%clk 0:59:08]} Ng6 {[%clk 1:00:18]} 5. Bc4 {[%clk 0:59:20]} d6 {[%clk 0:59:38]}
6. O-O {[%clk 0:59:22]} Be7 {[%clk 0:59:44]} 7. Nc3 {[%clk 0:58:05]} Nc6
{[%clk 0:59:24]} 8. Nd5 {[%clk 0:52:09]} Be6 {[%clk 0:55:38]} 9. Nxe7
{[%clk 0:37:43]} Bxc4 {[%clk 0:55:11]} 10. Nxc6 {[%clk 0:34:51]} bxc6
{[%clk 0:55:34]} 11. Re1 {[%clk 0:33:22]} O-O {[%clk 0:55:49]} 12. b3
{[%clk 0:27:33]} Be6 {[%clk 0:56:02]} 13. Qd3 {[%clk 0:19:39]} Qc8
{[%clk 0:55:02]} 14. Qc3 f6 {[%clk 0:54:44]} 15. Qxc6 {[%clk 0:16:58]} Rb8
{[%clk 0:52:57]} 16. d5 {[%clk 0:15:34]} Bd7 {[%clk 0:52:28]} 17. Qc3
{[%clk 0:15:51]} Re8 {[%clk 0:50:09]} 18. Bb2 {[%clk 0:12:54]} c5
{[%clk 0:50:17]} 19. Qd2 {[%clk 0:07:27]} Rb4 {[%clk 0:50:00]} 20. c4
{[%clk 0:07:15]} Rb7 {[%clk 0:49:48]} 21. Qc3 {[%clk 0:05:59]} Bg4
{[%clk 0:49:40]} 22. Qd3 {[%clk 0:02:31]} Rbe7 23. Nd2 {[%clk 0:02:01]} f5
{[%clk 0:48:57]} 24. Qc3 {[%clk 0:01:00]} Qd7 {[%clk 0:47:47]} 25. e5
{[%clk 0:00:52]} Nxe5 {[%clk 0:47:21]} 26. Kf2 {[%clk 0:00:35]} Bh5
{[%clk 0:46:52]} 27. h3 {[%clk 0:00:50]} Bg6 {[%clk 0:46:06]} 28. a3
{[%clk 0:01:04]} Bh5 {[%clk 0:44:34]} 29. b4 {[%clk 0:01:22]} cxb4
{[%clk 0:44:37]} 30. axb4 {[%clk 0:01:50]} Qb7 {[%clk 0:44:02]} 31. Ba3
{[%clk 0:01:25]} Nf7 {[%clk 0:42:44]} 32. Rxe7 {[%clk 0:01:43]} Qxe7
{[%clk 0:43:03]} 33. Bb2 {[%clk 0:01:42]} Qe3+ {[%clk 0:43:16]} 34. Kf1
{[%clk 0:00:41]} Be2+ {[%clk 0:43:29]} 35. Ke1 {[%clk 0:00:48]} Bd3+
{[%clk 0:43:49]} 36. Kd1 {[%clk 0:00:35]} Qe1# {[%clk 0:44:05]} 0-1

[Event "Juniorklub 2017"]
[Site "?"]
[Date "2017.11.18"]
[Round "5.8"]
[White "Nosak, Alexander"]
[Black "Sibrava, Patrik"]
[Result "0-1"]
[BlackElo "1823"]
[WhiteElo "1556"]
[LiveChessVersion "1.4.8"]

1. e4 {[%clk 1:00:55]} c5 {[%clk 1:00:53]} 2. Nf3 {[%clk 1:01:10]} Nc6
{[%clk 1:01:14]} 3. d4 {[%clk 1:01:20]} cxd4 {[%clk 1:01:33]} 4. Nxd4
{[%clk 1:01:45]} e6 {[%clk 1:01:11]} 5. Nb5 {[%clk 1:01:24]} d6 {[%clk 1:01:16]}
6. Be3 {[%clk 0:59:55]} Nf6 {[%clk 1:01:05]} 7. Nd2 {[%clk 0:59:34]} a6
{[%clk 1:00:43]} 8. Nc3 {[%clk 0:59:11]} Be7 {[%clk 1:00:37]} 9. Bd3
{[%clk 0:58:28]} O-O {[%clk 1:00:05]} 10. O-O {[%clk 0:58:36]} b5
{[%clk 0:59:34]} 11. a3 {[%clk 0:58:06]} Bb7 {[%clk 0:59:25]} 12. f3
{[%clk 0:56:19]} d5 {[%clk 0:57:47]} 13. exd5 {[%clk 0:55:46]} Nxd5
{[%clk 0:56:59]} 14. Nxd5 {[%clk 0:55:22]} Qxd5 {[%clk 0:55:11]} 15. Be4
{[%clk 0:53:57]} Qe5 {[%clk 0:49:25]} 16. c3 {[%clk 0:53:46]} f5 {[%clk 0:44:26]}
17. f4 {[%clk 0:52:08]} Qf6 {[%clk 0:43:03]} 18. Bf3 {[%clk 0:51:54]} e5
{[%clk 0:41:31]} 19. g3 {[%clk 0:49:41]} e4 {[%clk 0:41:11]} 20. Bg2
{[%clk 0:50:01]} Kh8 {[%clk 0:39:12]} 21. Qe2 {[%clk 0:48:04]} a5 22. Rfe1
{[%clk 0:45:20]} b4 {[%clk 0:30:48]} 23. Qc4 {[%clk 0:41:58]} Ba6
{[%clk 0:29:16]} 24. Qb3 {[%clk 0:42:08]} bxc3 {[%clk 0:26:24]} 25. Qxc3
{[%clk 0:42:01]} Qxc3 {[%clk 0:20:59]} 26. bxc3 {[%clk 0:42:16]} Bf6
{[%clk 0:20:16]} 27. Rec1 {[%clk 0:41:18]} Bd3 {[%clk 0:17:31]} 28. Bf1
{[%clk 0:41:06]} Rfd8 {[%clk 0:17:27]} 29. Kf2 Ne7 {[%clk 0:17:35]} 30. Ra2
{[%clk 0:39:10]} a4 {[%clk 0:15:46]} 31. Bxd3 {[%clk 0:34:26]} Rxd3
{[%clk 0:16:05]} 32. Rac2 {[%clk 0:34:37]} Nd5 {[%clk 0:14:23]} 33. Bd4
{[%clk 0:33:28]} e3+ {[%clk 0:10:41]} 34. Ke2 {[%clk 0:32:33]} Rxd2+
{[%clk 0:10:42]} 35. Rxd2 {[%clk 0:32:56]} exd2 {[%clk 0:11:01]} 36. Kxd2
{[%clk 0:33:18]} Bxd4 {[%clk 0:11:09]} 37. cxd4 {[%clk 0:33:44]} Kg8
{[%clk 0:10:46]} 38. Rc5 {[%clk 0:34:02]} Rd8 {[%clk 0:09:58]} 39. Kd3
{[%clk 0:34:20]} Kf7 {[%clk 0:09:32]} 40. Ra5 {[%clk 0:34:40]} Nb6
{[%clk 0:08:04]} 41. Ra6 {[%clk 0:34:38]} Rd6 {[%clk 0:07:55]} 42. Ra7+
{[%clk 0:33:58]} Kf6 {[%clk 0:08:09]} 43. Ra5 {[%clk 0:33:05]} h6
{[%clk 0:08:00]} 44. h4 {[%clk 0:31:49]} g5 {[%clk 0:08:04]} 45. hxg5+
{[%clk 0:31:47]} hxg5 {[%clk 0:08:27]} 46. Rc5 {[%clk 0:30:17]} gxf4
{[%clk 0:08:04]} 47. gxf4 {[%clk 0:30:32]} Nd5 {[%clk 0:07:37]} 48. Ra5
{[%clk 0:30:23]} Nxf4+ {[%clk 0:07:50]} 49. Kc4 {[%clk 0:30:44]} Ne6
{[%clk 0:07:47]} 50. d5 {[%clk 0:30:31]} Nc7 {[%clk 0:07:51]} 51. Rxa4
{[%clk 0:30:03]} Ke5 {[%clk 0:06:11]} 52. Ra7 {[%clk 0:28:31]} Nxd5
{[%clk 0:06:08]} 53. a4 {[%clk 0:28:15]} f4 {[%clk 0:05:31]} 54. Kd3
{[%clk 0:28:05]} Rf6 {[%clk 0:04:53]} 55. Ke2 {[%clk 0:28:06]} f3+
{[%clk 0:04:23]} 56. Kf2 {[%clk 0:28:22]} Nc3 {[%clk 0:04:46]} 57. Re7+
{[%clk 0:28:33]} Kd4 {[%clk 0:04:43]} 58. Rd7+ {[%clk 0:28:39]} Kc4
{[%clk 0:04:47]} 59. a5 {[%clk 0:28:31]} Ne4+ {[%clk 0:04:54]} 60. Kf1
{[%clk 0:28:35]} f2 {[%clk 0:05:02]} 61. Rc7+ {[%clk 0:28:12]} Kb5
{[%clk 0:04:58]} 62. Rb7+ {[%clk 0:28:25]} Kxa5 {[%clk 0:05:07]} 63. Ra7+
{[%clk 0:28:46]} Kb6 {[%clk 0:05:11]} 64. Ra1 {[%clk 0:28:56]} Nd2+
{[%clk 0:05:28]} 65. Ke2 {[%clk 0:29:20]} f1=Q+ {[%clk 0:05:45]} 66. Rxf1
{[%clk 0:29:46]} Nxf1 {[%clk 0:06:00]} 0-1

[Event "Juniorklub 2017"]
[Site "?"]
[Date "2017.11.18"]
[Round "5.9"]
[White "Galbavy, Dusan"]
[Black "Sosovickova, Jana"]
[Result "1/2-1/2"]
[BlackElo "1514"]
[WhiteElo "1756"]
[LiveChessVersion "1.4.8"]

1. e4 {[%clk 1:00:56]} e5 {[%clk 1:00:54]} 2. f4 {[%clk 1:01:21]} exf4
{[%clk 1:01:02]} 3. Nf3 {[%clk 1:01:46]} d5 {[%clk 1:00:56]} 4. exd5
{[%clk 1:01:56]} Qxd5 {[%clk 1:01:17]} 5. Nc3 {[%clk 1:02:16]} Qd8
{[%clk 1:00:46]} 6. Bc4 {[%clk 1:02:29]} Bd6 {[%clk 1:00:19]} 7. O-O
{[%clk 1:02:40]} Ne7 {[%clk 0:59:41]} 8. Ng5 {[%clk 0:58:59]} O-O
{[%clk 0:58:06]} 9. Qh5 {[%clk 0:58:42]} h6 {[%clk 0:54:15]} 10. Nxf7
{[%clk 0:58:37]} Rxf7 {[%clk 0:54:30]} 11. Bxf7+ {[%clk 0:58:23]} Kh8
{[%clk 0:54:32]} 12. d4 {[%clk 0:58:33]} Nbc6 {[%clk 0:52:02]} 13. Bxf4
{[%clk 0:58:03]} Bxf4 {[%clk 0:51:48]} 14. Rxf4 {[%clk 0:58:02]} Bf5
{[%clk 0:50:39]} 15. d5 {[%clk 0:56:04]} Ne5 {[%clk 0:48:48]} 16. Rxf5
{[%clk 0:55:59]} Nxf5 {[%clk 0:48:59]} 17. Qxf5 {[%clk 0:56:20]} Nxf7
{[%clk 0:48:54]} 18. Qxf7 {[%clk 0:56:47]} Qd6 {[%clk 0:49:04]} 19. Ne4
{[%clk 0:56:48]} Qb6+ {[%clk 0:48:46]} 20. Kh1 {[%clk 0:57:00]} Qxb2
{[%clk 0:48:55]} 21. Rf1 {[%clk 0:57:17]} Qxc2 {[%clk 0:48:20]} 22. Ng3
{[%clk 0:57:31]} Qxa2 {[%clk 0:44:29]} 23. Nf5 {[%clk 0:57:39]} Qb2
{[%clk 0:43:39]} 24. Ne7 {[%clk 0:57:39]} Qe2 {[%clk 0:41:09]} 25. h4
{[%clk 0:57:23]} Qe4 {[%clk 0:40:36]} 26. Rf4 {[%clk 0:56:57]} Qe1+
{[%clk 0:40:27]} 27. Kh2 {[%clk 0:57:07]} Qb1 {[%clk 0:37:47]} 28. Rg4
{[%clk 0:57:11]} Qb2 {[%clk 0:37:30]} 29. Nf5 {[%clk 0:56:35]} Qe5+
{[%clk 0:37:06]} 30. Kh3 {[%clk 0:56:30]} Qc3+ {[%clk 0:36:24]} 31. Rg3
{[%clk 0:55:07]} Qf6 {[%clk 0:36:08]} 32. Qxf6 {[%clk 0:54:27]} gxf6
{[%clk 0:35:47]} 33. Rg6 {[%clk 0:54:32]} h5 {[%clk 0:35:15]} 34. Rxf6
{[%clk 0:54:37]} a5 {[%clk 0:35:05]} 35. Rf7 {[%clk 0:54:56]} a4 {[%clk 0:34:33]}
36. Rxc7 {[%clk 0:55:15]} a3 {[%clk 0:34:52]} 37. Rc1 {[%clk 0:55:02]} a2
{[%clk 0:35:06]} 38. Ra1 {[%clk 0:55:25]} b5 {[%clk 0:35:28]} 39. d6
{[%clk 0:55:40]} b4 {[%clk 0:35:40]} 40. Nd4 {[%clk 0:50:19]} Ra3+ 41. g3
{[%clk 0:49:32]} Rd3 {[%clk 0:18:58]} 42. Rxa2 {[%clk 0:46:33]} Rxd4
{[%clk 0:19:14]} 43. Ra8+ {[%clk 0:46:50]} Kg7 {[%clk 0:19:35]} 44. Ra7+
{[%clk 0:47:04]} Kf6 {[%clk 0:19:33]} 45. d7 {[%clk 0:46:54]} Ke7
{[%clk 0:18:40]} 46. Rb7 {[%clk 0:47:07]} Kd8 {[%clk 0:17:23]} 47. Kg2
{[%clk 0:47:02]} Rd2+ {[%clk 0:17:22]} 48. Kf3 {[%clk 0:47:14]} Rd3+
{[%clk 0:17:12]} 49. Kf4 {[%clk 0:47:21]} b3 {[%clk 0:16:04]} 50. Kg5
{[%clk 0:47:22]} Rxg3+ {[%clk 0:15:44]} 51. Kxh5 {[%clk 0:47:41]} Ke7
{[%clk 0:14:29]} 1/2-1/2

[Event "Juniorklub 2017"]
[Site "?"]
[Date "2017.11.18"]
[Round "5.10"]
[White "Majirska, Karin"]
[Black "Vinarcik, Milan"]
[Result "1-0"]
[BlackElo "1667"]
[WhiteElo "1588"]
[LiveChessVersion "1.4.8"]

1. c4 {[%clk 1:00:32]} e5 {[%clk 0:59:41]} 2. Nc3 {[%clk 1:00:51]} c6 3. Nf3 d6
{[%clk 0:54:22]} 4. e3 {[%clk 0:54:10]} Nf6 {[%clk 0:52:00]} 5. d4
{[%clk 0:49:07]} e4 {[%clk 0:48:04]} 6. Nd2 {[%clk 0:48:04]} d5 {[%clk 0:48:02]}
7. Qb3 {[%clk 0:39:07]} Be7 {[%clk 0:44:00]} 8. Be2 {[%clk 0:30:39]} O-O
{[%clk 0:41:16]} 9. O-O {[%clk 0:28:53]} Na6 10. f3 {[%clk 0:24:44]} exf3
{[%clk 0:36:18]} 11. Nxf3 {[%clk 0:22:47]} dxc4 {[%clk 0:31:38]} 12. Bxc4
{[%clk 0:22:05]} b5 {[%clk 0:31:40]} 13. Be2 {[%clk 0:18:27]} Be6
{[%clk 0:30:35]} 14. Qd1 {[%clk 0:17:31]} Qc7 {[%clk 0:29:10]} 15. Bd2 Bd5
{[%clk 0:27:26]} 16. Nxd5 {[%clk 0:13:21]} Nxd5 {[%clk 0:27:11]} 17. Rc1
{[%clk 0:12:31]} Bb4 {[%clk 0:26:25]} 18. a3 {[%clk 0:11:47]} Bxd2
{[%clk 0:26:32]} 19. Qxd2 {[%clk 0:12:06]} Qd6 {[%clk 0:22:49]} 20. Ne5
{[%clk 0:10:37]} Rac8 {[%clk 0:21:02]} 21. Bh5 {[%clk 0:08:32]} g6
{[%clk 0:19:03]} 22. Be2 {[%clk 0:07:57]} f6 {[%clk 0:18:25]} 23. Ng4
{[%clk 0:06:44]} Qe6 {[%clk 0:16:44]} 24. Bf3 {[%clk 0:03:09]} h5
{[%clk 0:11:51]} 25. Bxd5 {[%clk 0:02:34]} cxd5 {[%clk 0:10:42]} 26. Rxc8
{[%clk 0:01:46]} Qxc8 {[%clk 0:09:29]} 27. Nxf6+ {[%clk 0:01:37]} Kg7
{[%clk 0:08:22]} 28. Nxd5 {[%clk 0:01:38]} Rxf1+ {[%clk 0:06:47]} 29. Kxf1
{[%clk 0:01:59]} Qf5+ {[%clk 0:05:55]} 30. Nf4 {[%clk 0:02:00]} g5
{[%clk 0:04:10]} 31. g3 {[%clk 0:01:53]} gxf4 {[%clk 0:02:50]} 32. gxf4
{[%clk 0:01:52]} Nc7 {[%clk 0:02:26]} 33. Qg2+ {[%clk 0:01:33]} Kf6
{[%clk 0:02:04]} 34. Qc6+ {[%clk 0:01:16]} Ne6 {[%clk 0:02:29]} 35. d5
{[%clk 0:00:56]} Qh3+ {[%clk 0:01:34]} 36. Ke2 {[%clk 0:00:49]} Qxh2+
{[%clk 0:02:02]} 37. Kd3 {[%clk 0:00:57]} Qh3 {[%clk 0:02:25]} 38. dxe6
{[%clk 0:00:51]} Qxe6 {[%clk 0:02:53]} 39. Qxb5 {[%clk 0:00:48]} h4
{[%clk 0:03:21]} 40. Qg5+ {[%clk 0:00:54]} Kf7 {[%clk 0:03:46]} 41. Qxh4
{[%clk 0:00:49]} Qb3+ {[%clk 0:03:18]} 42. Ke4 {[%clk 0:00:57]} Qc4+
{[%clk 0:03:46]} 43. Kf3 {[%clk 0:01:06]} Qd5+ {[%clk 0:04:09]} 44. Kg3
{[%clk 0:01:13]} Qf5 {[%clk 0:04:28]} 45. Qg4 {[%clk 0:01:06]} Qd3
{[%clk 0:04:52]} 46. Qh5+ {[%clk 0:01:06]} Ke6 {[%clk 0:05:14]} 47. Qe8+
{[%clk 0:00:43]} Kf6 {[%clk 0:05:38]} 48. Qe5+ Kf7 49. Qc7+ {[%clk 0:00:45]} Kf8
{[%clk 0:06:25]} 50. Qc5+ {[%clk 0:00:54]} Kg8 {[%clk 0:05:34]} 51. Qc8+
{[%clk 0:00:48]} Kf7 {[%clk 0:05:53]} 52. Qc7+ {[%clk 0:00:54]} Kg8
{[%clk 0:05:36]} 53. Qb8+ {[%clk 0:00:51]} Kf7 {[%clk 0:06:04]} 54. Qxa7+
{[%clk 0:01:06]} Kg8 {[%clk 0:06:32]} 55. Qb8+ {[%clk 0:01:17]} Kf7
{[%clk 0:07:00]} 56. Qc7+ {[%clk 0:01:07]} Kg8 {[%clk 0:07:29]} 57. Qc8+
{[%clk 0:00:56]} Kf7 {[%clk 0:07:59]} 58. Qc5 {[%clk 0:00:41]} Qb1
{[%clk 0:07:41]} 59. Qd5+ {[%clk 0:00:51]} Ke8 {[%clk 0:05:58]} 60. Qe6+
{[%clk 0:00:57]} Kf8 {[%clk 0:06:17]} 61. Qf6+ {[%clk 0:00:54]} Ke8
{[%clk 0:06:40]} 62. Qc6+ {[%clk 0:00:44]} Kf7 {[%clk 0:06:40]} 63. Qd5+
{[%clk 0:00:56]} Kf8 {[%clk 0:06:38]} 64. Qd6+ {[%clk 0:00:43]} Kf7
{[%clk 0:06:33]} 65. Qc7+ {[%clk 0:00:54]} Kf8 {[%clk 0:06:42]} 66. Qd8+
{[%clk 0:01:01]} Kf7 {[%clk 0:06:38]} 67. Qd5+ {[%clk 0:01:03]} Kf8
{[%clk 0:06:36]} 68. Qc5+ {[%clk 0:00:40]} Kf7 {[%clk 0:06:51]} 69. Qh5+
{[%clk 0:00:40]} Kg7 {[%clk 0:06:40]} 70. Qg5+ {[%clk 0:00:45]} Kf7
{[%clk 0:07:01]} 71. Qd5+ {[%clk 0:00:42]} Ke7 {[%clk 0:07:02]} 72. Qe5+
{[%clk 0:00:38]} Kf7 {[%clk 0:07:10]} 73. Kg4 {[%clk 0:00:36]} Qg1+
{[%clk 0:06:47]} 74. Kf3 {[%clk 0:00:39]} Qh1+ {[%clk 0:05:49]} 75. Ke2
{[%clk 0:00:40]} Qb1 {[%clk 0:05:08]} 76. Qd5+ {[%clk 0:00:47]} Ke7
{[%clk 0:04:54]} 77. Qe5+ {[%clk 0:00:48]} Kf7 {[%clk 0:04:49]} 78. f5
{[%clk 0:00:39]} Qc2+ {[%clk 0:04:17]} 79. Kf3 {[%clk 0:00:36]} Qd1+
{[%clk 0:04:00]} 80. Ke4 {[%clk 0:00:35]} Qc2+ {[%clk 0:03:50]} 81. Kd5
{[%clk 0:00:35]} Qd3+ {[%clk 0:03:22]} 82. Kc6 {[%clk 0:00:37]} Qa6+
{[%clk 0:03:08]} 83. Kd5 {[%clk 0:00:33]} Qb7+ {[%clk 0:02:43]} 84. Kc4
{[%clk 0:00:36]} Qc8+ {[%clk 0:02:34]} 85. Qc5 {[%clk 0:00:36]} Qa6+
{[%clk 0:02:22]} 86. Kb3 {[%clk 0:00:38]} Qd3+ {[%clk 0:02:14]} 87. Ka2
{[%clk 0:00:39]} Qd2 {[%clk 0:02:29]} 88. Qc4+ {[%clk 0:00:48]} Kf8
{[%clk 0:02:47]} 89. Qb4+ {[%clk 0:00:58]} Qxb4 {[%clk 0:02:56]} 1-0